Ο μοντερνισμός στη σύγχρονη φιλοσοφία : η αναζήτηση της χαμένης ενότητας
Αποθηκεύτηκε σε:
| Κύριος συγγραφέας: | |
|---|---|
| Μορφή: | Βιβλίο |
| Γλώσσα: | Greek |
| Δημοσίευση: |
Αθήνα :
Αλεξάνδρεια,
1996.
|
| Θέματα: | |
| Ετικέτες: |
Προσθήκη ετικέτας
Δεν υπάρχουν, Καταχωρήστε ετικέτα πρώτοι!
|
MARC
| LEADER | 00000cam a2200000 a 4500 | ||
|---|---|---|---|
| 001 | 1/123361 | ||
| 008 | 210715s1996####gr | ||| |||| ||gre|| | ||
| 020 | |a 9602211199 | ||
| 040 | |a GR-MyUa |b gre |c GR-MyUa |e AACR2 | ||
| 041 | 0 | |a gre | |
| 082 | 7 | |a 190 |2 (23) | |
| 100 | 1 | |a Δεληγιώργη, Αλεξάνδρα. | |
| 245 | 1 | 2 | |a Ο μοντερνισμός στη σύγχρονη φιλοσοφία : |b η αναζήτηση της χαμένης ενότητας / |c Αλεξάνδρα Δεληγιώργη. |
| 260 | |a Αθήνα : |b Αλεξάνδρεια, |c 1996. | ||
| 300 | |a 569 σ. ; |c 21 εκ. | ||
| 504 | |a Βιβλιογραφία: σ. [555]-564. Ευρετήριο. | ||
| 650 | 0 | |a Philosophy, Modern | |
| 852 | |a INST |b SYROS |e 20210715 |h 190 ΔΕΛ |p 005500014127 |q 005500014127 |t BK |y 0 | ||
| 970 | |a Κοντού |b Παρασκευή |z 15/07/2021 | ||